Birangana kavya (Record no. 6480)

MARC details
000 -LEADER
fixed length control field 00484cam a2200193ua 4500
008 - FIXED-LENGTH DATA ELEMENTS--GENERAL INFORMATION
fixed length control field 141224n ii |||gr||||Z||||||ben
040 ## - CATALOGING SOURCE
Transcribing agency MAIN
041 ## - LANGUAGE CODE
-- ben
082 ## - DEWEY DECIMAL CLASSIFICATION NUMBER
Classification number 891.444
100 ## - MAIN ENTRY--PERSONAL NAME
Personal name Sanyal. B. G.,
Relator term
245 ## - TITLE STATEMENT
Title Birangana kavya
Statement of responsibility, etc. Edited by Bhabani Gopal Sanyal
250 ## - EDITION STATEMENT
Edition statement 1st.
260 ## - PUBLICATION, DISTRIBUTION, ETC.
Place of publication, distribution, etc. Calcutta:
Name of publisher, distributor, etc. Modern,
Date of publication, distribution, etc. 1988.
300 ## - PHYSICAL DESCRIPTION
Extent 99p.
942 ## - ADDED ENTRY ELEMENTS (KOHA)
Koha item type Books
653 ## - INDEX TERM--UNCONTROLLED
Uncontrolled term East Indo-European & Celtic literatures
653 ## - INDEX TERM--UNCONTROLLED
Uncontrolled term Bengali literature
Holdings
Withdrawn status Lost status Damaged status Not for loan Home library Current library Shelving location Date acquired Total Checkouts Full call number Barcode Date last seen Copy number Price effective from Koha item type Date last checked out
        Central Library, Naharkatiya College Central Library, Naharkatiya College General Stacks 19/09/2020   891.444 | SAN 12217 19/09/2020 2 19/09/2020 Books  
        Central Library, Naharkatiya College Central Library, Naharkatiya College General Stacks 19/09/2020   891.444 | SAN 12260 19/09/2020 6 19/09/2020 Books  
        Central Library, Naharkatiya College Central Library, Naharkatiya College General Stacks 19/09/2020   891.444 | SAN 12261 19/09/2020 5 19/09/2020 Books  
        Central Library, Naharkatiya College Central Library, Naharkatiya College General Stacks 19/09/2020   891.444 | SAN 12790 19/09/2020 1 19/09/2020 Books  
        Central Library, Naharkatiya College Central Library, Naharkatiya College General Stacks 19/09/2020 1 891.444 | SAN 4220 06/09/2024 3 19/09/2020 Books 21/08/2024
        Central Library, Naharkatiya College Central Library, Naharkatiya College General Stacks 19/09/2020   891.444 | SAN 4365 19/09/2020 4 19/09/2020 Books  

Naharkatiya College © 2020. All rights reserved.

Powered By